| 000 | 00509nam a2200169 a 4500 | ||
|---|---|---|---|
| 005 | 20140412111308.0 | ||
| 008 | 010503s19uu xx 00 eng d | ||
| 020 | _a0-7498-2183-3 | ||
| 050 |
_aTR(GS 372.4 _bF54 1995 |
||
| 100 | _aFilipek, Nina | ||
| 245 |
_aReading your first words / _cdevised by Nina Filipek; illustrated by John Haslam. |
||
| 260 |
_aManchester : _bWorld International, _c1995. |
||
| 300 | _a1v. (unp.) ; ill. | ||
| 440 | _aI can learn, age 3-5 | ||
| 650 | _aReading | ||
| 999 |
_c103810 _d103810 |
||